000 01313nam a2200349 i 4500
001 000014707
003 DO-SdBNP
005 20251209085845.0
007 ta
008 100119s2009 dr ac 001 0 spa d
020 _a9789993467533
040 _aDO-SdBNP
_bspa
_cBNPHU
_erda
041 _aspa
082 4 _a384.97293
_bV476t
_222
100 1 _aVeras, Teo,
_d1950-
_933356
_4aut.
_eautor
245 1 4 _aLas telecomunicaciones en América y República Dominicana :
_borigen y desarrollo /
_cTeo Veras.
264 _aSanto Domingo :
_bEditora Corripio,
_c2009.
300 _a930 páginas :
_bilustraciones, retratos ;
_c26 cm.
336 _atexto
_btxt
_2rdacontent
337 _asin mediación
_bn
_2rdamedia
338 _avolumen
_bnc
_2rdacarrier
500 _aIncluye datos biográficos del autor en las solapas
500 _aIncluye índice onomástico
504 _aBibliografía: páginas 897-900
590 _aLa bilioteca posee 3 ejemplares autografiados por el autor
590 _aInventariado, 2018/VM
650 0 _aTelecomunicaciones
_zRepública Dominicana
_xHistoria
_vCronología
_9550
650 0 _aTelecomunicaciones
_xHistoria
_9550
650 0 _aTelecomunicaciones
_zAmérica Latina
_xHistoria
_vCronología
_9550
910 _aValidado. Control de calidad MMOLINA
942 _2ddc
_cLBS1
999 _c14290
_d14290